| 000 | 00843pam a2200253 a 4500 | ||
|---|---|---|---|
| 001 | 013370409 | ||
| 003 | OSt | ||
| 005 | 20131030123858.0 | ||
| 008 | 051123s2006 enk 001 0 eng | ||
| 020 | _a9780192807243 (pbk.) : | ||
| 020 | _a0192807242 (pbk.) : | ||
| 082 | 0 | 4 |
_a325 _222 _bDIS |
| 245 | 0 | 0 |
_aDisplacement, asylum, migration : _bthe Oxford Amnesty Lectures 2004 / _cedited by Kate E. Tunstall. |
| 260 |
_aOxford : _bOxford University Press, _c2006. |
||
| 300 |
_axv, 353 p. ; _c20 cm. |
||
| 490 | 1 | _aOxford amnesty lectures | |
| 504 | _aIncludes bibliographical references and index. | ||
| 650 | 0 |
_aAsylum, Right of. _934305 |
|
| 650 | 0 |
_aRefugees _xGovernment policy. _934269 |
|
| 650 | 0 |
_aEmigration and immigration. _934306 |
|
| 653 |
_bPol _cOctober2013 |
||
| 700 | 1 |
_aTunstall, Kate E. _934307 |
|
| 942 |
_2ddc _cBB _k325 DIS |
||
| 999 |
_c17713 _d17685 |
||